Firewalls PIX de Cisco Secure

Spremljeno u:
Bibliografski detalji
Glavni autor: Chapman, David W (Autor)
Format: Knjiga
Jezik:španjolski
Izdano: Madrid Pearson Educación 2002
Izdanje:1a. ed
Teme:
Oznake: Dodaj oznaku
Bez oznaka, Budi prvi tko označuje ovaj zapis!

MARC

LEADER 00000nam a2200000 a 4500
001 UCK0253
003 CL-VaPUC
008 040924e20020000SP |||||||||||||||||spa|d
020 |a 842053479X 
082 0 4 |a 004.62  |b CHA  |2 21 
100 0 |a Chapman, David W  |e author  |9 488169 
245 1 0 |a Firewalls PIX de Cisco Secure 
250 |a 1a. ed 
300 |a 361 p 
942 |c BK 
945 |d 20040924 00:00:00  |a cmena 
260 |a Madrid  |b Pearson Educación  |c 2002 
650 0 |a Protocolos de redes   |9 464559 
650 0 |a Redes de computadores  |9 263293 
650 0 |a Internet   |9 254823 
650 7 |a PROTOCOLO INTERNET  |2 CL-VaPUC  |9 488170 
583 |a last modification  |c 20040924 00:00:00  |k Rodrigo Vera 
999 |c 310741  |d 310739 
952 |0 0  |1 1  |2 ddc  |4 0  |6 004_620000000000000_CHA_2002  |7 0  |8 A  |9 379687  |a BIBING  |b BIBING  |d 2019-11-21  |i 406691K  |o 004.62 CHA 2002  |p 406691K  |r 2023-03-02  |w 2019-11-21  |y BK  |k EIE